000 00198 a2200097 4500
001 25825
100 _aGoodall, G
245 _aUniversity Atlas
260 _a
_bPhilip
_c1948
090 _c17452
_d17452
942 _aNUST-CAE
_cM
_c8283
999 _c260898
_d260898